• 首页
  • 本馆介绍
  • 公告通知
  • 最新文献
  • 馆藏检索
  • 电子资源
  • 读者导购
  • 参考咨询
  • 我的图书馆
  • 登录
  • 详细信息显示
  • 放入我的书架
  • 预约/预借图书
  • 作者相关作品
  • 分类相关作品
  • 丛书相关作品
  • 出版社相关作品

书目信息

  • 表格格式
  • 工作单格式
  • 卡片格式
题名:
鸟哥的LINUX私房菜
    
 
作者: 鸟哥 编著
分册:   基础学习篇
出版信息: 北京   科学出版社  2005
页数: 411页
开本: 26cm
丛书名:
单 册:
中图分类: TP316.81
科图分类:
主题词: UNIX操作系统--基本知识 , UNIX操作系统
电子资源:
ISBN: 7-03-015587-4
000 00929nam0 2200265 450
001 002969269
005 20070807163426.84
010    @a7-03-015587-4@dCNY42.00
035    @a002969269
100    @a20050119d2005 em y0chiy0110 ea
101 0  @achi
102    @aCN@b110000
105    @ay z 000yy
106    @ar
200 1  @a鸟哥的LINUX私房菜@Aniao ge de LINUX si fang cai@i基础学习篇@Iji chu xue xi pian@f鸟哥编著@Fniao ge bian zhu
210    @a北京@c科学出版社@d2005
215    @a411页@d26cm
330    @a本书介绍了LINUX操作系统的基本原理与架构,适合当前所有主流LINUX版本的学习。内容包括:LINUX操作系统的规划与安装、LINUX的基本文件权限与系统架构、Shell与Shell scripts的基本内容,LINUX用户管理、LINUX系统管理等。
606 0  @aUNIX操作系统@x基本知识
606 0  @aUNIX操作系统
610 0  @aLinux
690    @aTP316.81@v4
701  0 @a鸟哥@Aniao ge@4编著
801  0 @aCN@bNLC@c20070807
905    @dTP316.81@e135:1@f1
    
    鸟哥的LINUX私房菜.基础学习篇/鸟哥编著.-北京:科学出版社,2005
    411页;26cm
    
    
    ISBN 7-03-015587-4:CNY42.00
    本书介绍了LINUX操作系统的基本原理与架构,适合当前所有主流LINUX版本的学习。内容包括:LINUX操作系统的规划与安装、LINUX的基本文件权限与系统架构、Shell与Shell scripts的基本内容,LINUX用户管理、LINUX系统管理等。
●
相关链接 在E读中查询图书 在五车中查询图书 在当当中查询图书 在豆瓣中查询图书


正题名:鸟哥的LINUX私房菜     索取号:TP316.81/135:1         预约/预借

序号 登录号 条形码 馆藏地/架位号 状态 备注
1 0853981   208539811   第二样本阅览室/ [索取号:TP316.81/135:1] 在馆    
唐山师范学院图书馆 欢迎您!
大连网信软件有限公司© 版权所有